000 00231nam a2200097Ia 4500
008 120527s9999 xx 000 0 und d
100 _aDUTTA,A.C.
245 _aBotany(for degree Students)
260 _bOxford Uni.Press
942 _cBK
999 _c23522
_d23522